000 01016nas a2200289 4500
001 BR2021000541
003 BR-BrBNA
005 20231205132216.0
007 ta
008 230509b bl.|||p| |||| 00| 00por d
040 _aBR-BrBNA
_bpor
_cBiblioteca Nacional de Agricultura
041 _a(Pt)
072 _aP01; U40
100 1 _aZanchetta, M.L.
100 1 _aRosa, D.M.
245 1 _aUso de imagens Landsat para o monitoramento da cobertura florestal de três RPPN em Rondônia
650 _aSUSTENTABILIDADE
650 _aPRESERVAÇÃO DA NATUREZA
650 _aFLORESTA
650 _aCOBERTURA VEGETAL
650 _aSISTEMA DE INFORMAÇÃO GEOGRÁFICA
773 0 _tNativa. Pesquisas Agrárias e Ambientais (Brazil)
_xISSN 2318-7670
_g(Mar-Apr 2020), v. 8(2) p. 205-209
_wBR2021000541
856 4 0 _uhttps://periodicoscientificos.ufmt.br/ojs/index.php/nativa/article/view/8583/6922
856 4 0 _dLink DSPACE/MAPA BR2021000541
909 _a202311
_bLúcia
_c55
_dLúcia Elande
942 _2AGRIS
_n0
_cANA
999 _c259071
_d259071